| 000 | 004700000a22001690004500 | ||
|---|---|---|---|
| 003 | MACL | ||
| 005 | 20160107135700.0 | ||
| 008 | 160107b xxu||||| |||| 00| 0 eng d | ||
| 040 |
_aMACL _cMACL |
||
| 041 | _aEnglish | ||
| 082 | _a825/WAR | ||
| 100 |
_aWard, Barbara _92612 |
||
| 245 |
_aThe Interplay of East and West _bElements of Contrast and Co-Operatio |
||
| 260 |
_bGeorge Allen & Unwin Ltd _c1957 _aLondon |
||
| 650 |
_aSpeeches _929266 |
||
| 942 |
_cBK _k825/WAR _2ddc |
||
| 999 |
_c34786 _d34786 |
||